书目信息 |
| 题名: |
创意摄影
|
|
| 作者: | 蔡林 编著 | |
| 分册: | ||
| 出版信息: | 哈尔滨 黑龙江美术出版社 1997 |
|
| 页数: | 497页 | |
| 开本: | 20cm | |
| 丛书名: | ||
| 单 册: | ||
| 中图分类: | J401 | |
| 科图分类: | ||
| 主题词: | 摄影艺术--艺术理论 | |
| 电子资源: | ||
| ISBN: | 7-5318-0400-X | |
| 000 | 00505nam0 2200181 450 | |
| 001 | 0735592734 | |
| 005 | 20070906095312.73 | |
| 010 | @a7-5318-0400-X@d¥38.80 | |
| 100 | @a20070906d km y0chiy0120 ea | |
| 101 | 0 | @achi |
| 200 | 1 | @a创意摄影@Achuang yi she ying@f蔡林编著@Fcai lin bian zhu |
| 210 | @a哈尔滨@c黑龙江美术出版社@d1997 | |
| 215 | @a497页@d20cm | |
| 606 | 0 | @a摄影艺术@x艺术理论 |
| 690 | @aJ401@v3 | |
| 701 | 0 | @a蔡林@Acai lin@4编著 |
| 801 | 0 | @aCN@bPFT@c20070906 |
| 905 | @a213230@dJ401@eP13@f1 | |
| 创意摄影/蔡林编著.-哈尔滨:黑龙江美术出版社,1997 |
| 497页;20cm |
| ISBN 7-5318-0400-X:¥38.80 |
| ● |
| 相关链接 |
|
|
|
|
正题名:创意摄影
索取号:J401/P13
 
预约/预借
| 序号 | 登录号 | 条形码 | 馆藏地/架位号 | 状态 | 备注 |
| 1 | 7200158 | 272001585 | 密集书库-物理学院/ [索取号:J401/P13] | 在馆 |